000 00440nam a2200145Ia 4500
008 090124s9999 xx 000 0 und d
082 _b6316
_a442
245 _a गनिमी सैनिक ते आम्हीच
250 _a1
260 _c1942
300 _a72
630 _a गनिमी सैनिक ते आम्हीच
730 _a गनिमी सैनिक ते आम्हीच
942 _cBOOK
999 _c120257
_d120257